Schaum's outline of theory and problems of electric power systems / (Record no. 188892)

000 -LEADER
fixed length control field 01293 a2200265 4500
003 - CONTROL NUMBER IDENTIFIER
control field Nust
005 - DATE AND TIME OF LATEST TRANSACTION
control field 20221028194950.0
010 ## - LIBRARY OF CONGRESS CONTROL NUMBER
LC control number 89034889
020 ## - INTERNATIONAL STANDARD BOOK NUMBER
International Standard Book Number 0070459177 (recycled paper)
040 ## - CATALOGING SOURCE
Transcribing agency Nust
082 00 - DEWEY DECIMAL CLASSIFICATION NUMBER
Classification number 621.31,NAS
100 1# - MAIN ENTRY--PERSONAL NAME
Personal name Nasar, S. A.
9 (RLIN) 41147
245 10 - TITLE STATEMENT
Title Schaum's outline of theory and problems of electric power systems /
Statement of responsibility, etc. Syed A. Nasar.
246 30 - VARYING FORM OF TITLE
Title proper/short title Electric power systems
246 30 - VARYING FORM OF TITLE
Title proper/short title Outline of theory and problems of electric power systems
246 30 - VARYING FORM OF TITLE
Title proper/short title Theory and problems of electric power systems
260 ## - PUBLICATION, DISTRIBUTION, ETC.
Place of publication, distribution, etc. New York :
Name of publisher, distributor, etc. McGraw-Hill,
Date of publication, distribution, etc. c1990.
300 ## - PHYSICAL DESCRIPTION
Extent 175 p. :
Other physical details ill. ;
Dimensions 28 cm.
490 0# - SERIES STATEMENT
Series statement Schaum's outline series
505 ## - FORMATTED CONTENTS NOTE
Formatted contents note Fundamentals of Electric Power Systems (Page-1), Power System Representation (Page-12), Transmission Line Parameters (Page-26), Transmission Line Calculations (Page-38), Underground Cables (Page-63), Fault Calculations (Page-74), General Methods for Network Cal ululations (Page-96) Power Flow Studies (Page-112), Power System Operation and Control (Page-130).
650 #0 - SUBJECT ADDED ENTRY--TOPICAL TERM
Topical term or geographic name entry element Electric power systems.
9 (RLIN) 18375
856 42 - ELECTRONIC LOCATION AND ACCESS
Materials specified Publisher description
Uniform Resource Identifier <a href="http://www.loc.gov/catdir/description/mh022/89034889.html">http://www.loc.gov/catdir/description/mh022/89034889.html</a>
856 42 - ELECTRONIC LOCATION AND ACCESS
Materials specified Table of contents
Uniform Resource Identifier <a href="http://www.loc.gov/catdir/toc/mh021/89034889.html">http://www.loc.gov/catdir/toc/mh021/89034889.html</a>
942 ## - ADDED ENTRY ELEMENTS (KOHA)
Source of classification or shelving scheme
Koha item type Book
Holdings
Withdrawn status Lost status Source of classification or shelving scheme Damaged status Not for loan Permanent Location Current Location Shelving location Date acquired Full call number Barcode Date last seen Price effective from Koha item type Public note
          Military College of Signals (MCS) Military College of Signals (MCS) General Stacks 12/12/2016 621.31,NAS MCS30887 12/08/2016 12/12/2016 Book Almirah No.29, Shelf No.1
© 2023 Central Library, National University of Sciences and Technology. All Rights Reserved.